Tengo un adolescente en casa : (Record no. 116958)

MARC details
000 -CABECERA
campo de control de longitud fija 00746nam a2200229 a 4500
005 - FECHA Y HORA DE LA ÚLTIMA TRANSACCIÓN
campo de control 20240910064004.0
008 - ELEMENTOS DE LONGITUD FIJA--INFORMACIÓN GENERAL
campo de control de longitud fija 060329m20012007ag 000 0 spa d
020 ## - NÚMERO INTERNACIONAL NORMALIZADO PARA LIBROS
Número Internacional Estándar del Libro 9870000835
020 ## - NÚMERO INTERNACIONAL NORMALIZADO PARA LIBROS
Número Internacional Estándar del Libro 9870006574 (10 dígitos)
020 ## - NÚMERO INTERNACIONAL NORMALIZADO PARA LIBROS
Número Internacional Estándar del Libro 9789870006572 (13 dígitos)
035 ## - NÚMERO DE CONTROL DEL SISTEMA
Número de control de sistema UPN01000144811
049 ## - COLECCIÓN
Colección CG
050 #4 - SIGNATURA TOPOGRÁFICA DE LA BIBLIOTECA DEL CONGRESO
Número de clasificación HQ793
Número de documento/Ítem G6.7
100 1# - ASIENTO PRINCIPAL--NOMBRE PERSONAL
Nombre de persona Goldberg, Beatriz
9 (RLIN) 30945
245 10 - MENCIÓN DE TÍTULO
Título Tengo un adolescente en casa :
Resto del título ¿qué hago? : todas las respuestas para no desesperar /
Mención de responsabilidad, etc. Beatriz Goldberg.
260 ## - PUBLICACIÓN, DISTRIBUCIÓN, ETC.
Lugar de publicación, distribución, etc. Buenos Aires :
Nombre del editor, distribuidor, etc. Lumen,
Fecha de publicación, distribución, etc. 2001 (2007 impr.).
300 ## - DESCRIPCIÓN FÍSICA
Extensión 271 p.
650 #4 - ASIENTO SECUNDARIO DE MATERIA - TERMINO TEMATICO
Término de materia o nombre geográfico como elemento de entrada Adolescencia
9 (RLIN) 1008
650 #4 - ASIENTO SECUNDARIO DE MATERIA - TERMINO TEMATICO
Término de materia o nombre geográfico como elemento de entrada ADOLESCENTES -
Subdivisión general RELACIONES FAMILIARES
9 (RLIN) 1017
650 #0 - ASIENTO SECUNDARIO DE MATERIA - TERMINO TEMATICO
Término de materia o nombre geográfico como elemento de entrada Adolescentes
Subdivisión general Conducta de vida
9 (RLIN) 1767
905 ## - TIPO DE MATERIAL
Tipo de material Libro
Holdings
Estado de retiro Estado de pérdida Fuente del sistema de clasificación o colocación Estado dañado No para préstamo Código de colección Localización permanente Ubicación/localización actual Ubicación en estantería Total de préstamos Clasificación Código de barras Fecha visto por última vez Número de copia Tipo de ítem Koha
    Library of Congress Classification     Colección General Bib. Gregorio Torres Quintero Bib. Gregorio Torres Quintero Planta baja 16 HQ793 G6.7 151768 31/12/2020 1 Libro
    Library of Congress Classification     Colección General Bib. Gregorio Torres Quintero Bib. Gregorio Torres Quintero Planta baja 31 HQ793 G6.7 239139 31/12/2020 1 Libro